[Event "6th Essent op"]
[Site "Hoogeveen NED"]
[Date "2002.10.11"]
[Round "1.1"]
[White "Alekseev, Evgeny V"]
[Black "Sawadkuhi, Massoud Amir"]
[Result "1-0"]
[WhiteElo "2593"]
[BlackElo "2263"]
[EventDate "2002.10.11"]
[PlyCount "39"]

1.e4 e6 2.d4 d5 3.Nc3 Bb4 4.e5 Qd7 5.Qg4 f5 6.Qg3 b6 7.a3 Bf8 8.b4 a5 9.b5
Qf7 10.h4 Nd7 11.Nh3 Ne7 12.Ng5 Qg8 13.h5 Bb7 14.Bd3 O-O-O 15.Ne2 h6 16.
Nh3 Qf7 17.Nhf4 Kb8 18.Qh3 g5 19.hxg6 Nxg6 20.Qh5 1-0

[Event "6th Essent op"]
[Site "Hoogeveen NED"]
[Date "2002.10.11"]
[Round "1.2"]
[White "Willemsen, Jos"]
[Black "Dvoirys, Semen I"]
[Result "0-1"]
[WhiteElo "2263"]
[BlackElo "2567"]
[EventDate "2002.10.11"]
[PlyCount "68"]

1.e4 c5 2.Nc3 Nc6 3.g3 g6 4.Bg2 Bg7 5.d3 d6 6.Be3 Qa5 7.Qd2 Bd7 8.Nge2 Nd4
9.h3 e6 10.O-O Ne7 11.Nc1 O-O 12.Nb3 Qc7 13.Nd1 f5 14.c3 Ndc6 15.f4 b6 16.
Nf2 a5 17.a3 a4 18.Nc1 Rad8 19.Ne2 Na5 20.Rad1 fxe4 21.dxe4 Nc4 22.Qc1 e5 
23.Kh2 Bb5 24.Nd3 d5 25.exd5 Nxd5 26.Bg1 Bc6 27.fxe5 Rxf1 28.Rxf1 Nde3 29.
Bxe3 Bxg2 30.Kxg2 Rxd3 31.Bf4 Qc6+ 32.Kg1 Qe4 33.Rf2 g5 34.Bxg5 Nxe5 0-1

[Event "6th Essent op"]
[Site "Hoogeveen NED"]
[Date "2002.10.11"]
[Round "1.3"]
[White "Rogers, Ian"]
[Black "Weeks, Manuel"]
[Result "1-0"]
[WhiteElo "2557"]
[BlackElo "2259"]
[EventDate "2002.10.11"]
[PlyCount "51"]

1.e4 c5 2.Nf3 Nc6 3.d4 cxd4 4.Nxd4 g6 5.Nc3 Bg7 6.Be3 Nf6 7.Bc4 Qa5 8.O-O 
O-O 9.Bb3 d6 10.h3 Bd7 11.f4 Nxd4 12.Bxd4 Bc6 13.Qd3 Rad8 14.Qe3 b6 15.e5 
dxe5 16.fxe5 Nd5 17.Qf2 Qa6 18.Ne4 Nf4 19.Nf6+ Bxf6 20.exf6 Rxd4 21.fxe7 
Qc8 22.exf8=Q+ Qxf8 23.Rad1 Rxd1 24.Rxd1 Nxg2 25.Qf6 Qc5+ 26.Kh2 1-0

[Event "6th Essent op"]
[Site "Hoogeveen NED"]
[Date "2002.10.11"]
[Round "1.6"]
[White "Markus, John Raymond"]
[Black "Brodsky, Mikhail"]
[Result "1/2-1/2"]
[WhiteElo "2243"]
[BlackElo "2547"]
[EventDate "2002.10.11"]
[PlyCount "98"]

1.d4 Nf6 2.Nf3 e6 3.Bg5 h6 4.Bh4 d6 5.e3 Nbd7 6.c4 g5 7.Bg3 Nh5 8.Nc3 Bg7 
9.Be2 b6 10.Nd2 Nxg3 11.hxg3 Bb7 12.Bf3 Qc8 13.g4 a6 14.O-O O-O 15.Nde4 
Rb8 16.Rc1 Qd8 17.Ng3 c5 18.Bxb7 Rxb7 19.d5 Nf6 20.b3 b5 21.Nce4 Ne8 22.
dxe6 fxe6 23.Nxc5 Re7 24.Nce4 bxc4 25.Rxc4 d5 26.Ra4 Qb6 27.Nd2 Nd6 28.Nf3
Nb5 29.Qd3 Rc7 30.Nh5 a5 31.b4 Nc3 32.Rxa5 Qxb4 33.Ra6 Qc4 34.Qxc4 dxc4 
35.Nxg7 Ne2+ 36.Kh2 Kxg7 37.Nd4 Nxd4 38.exd4 c3 39.Rxe6 c2 40.Ree1 Rd8 41.
Rc1 Rxd4 42.Rfe1 Rd2 43.f3 Rc3 44.Kg1 Ra3 45.Kf1 Rxa2 46.Re2 Rd1+ 47.Re1 
Rd2 48.Re2 Rd1+ 49.Re1 Rd2 1/2-1/2

[Event "6th Essent op"]
[Site "Hoogeveen NED"]
[Date "2002.10.11"]
[Round "1.7"]
[White "Shaposhnikov, Evgeny"]
[Black "Van Kooten, Luuk"]
[Result "1-0"]
[WhiteElo "2544"]
[BlackElo "2236"]
[EventDate "2002.10.11"]
[PlyCount "75"]

1.e4 c5 2.Nf3 d6 3.d4 cxd4 4.Nxd4 Nf6 5.Nc3 a6 6.Be3 e6 7.f4 Be7 8.Be2 O-O
9.Qd2 Qc7 10.g4 b5 11.a3 Bb7 12.Bf3 Nc6 13.O-O-O Nxd4 14.Bxd4 Rfd8 15.g5 
Nd7 16.h4 e5 17.Be3 exf4 18.Bxf4 Ne5 19.Rhf1 Rac8 20.Be2 Bf8 21.h5 Nc4 22.
Bxc4 Qxc4 23.Be3 Bxe4 24.Bd4 Re8 25.h6 Bg6 26.Rf2 b4 27.axb4 Qxb4 28.Qf4 
Qa5 29.Kb1 Rb8 30.hxg7 Bxg7 31.Bxg7 Kxg7 32.Nd5 Rb7 33.Qf6+ Kg8 34.Qxd6 
Re1 35.Nf6+ Kg7 36.Rd2 Rxd1+ 37.Rxd1 Qb5 38.Qd4 1-0

[Event "6th Essent op"]
[Site "Hoogeveen NED"]
[Date "2002.10.11"]
[Round "1.8"]
[White "Pel, Bonno"]
[Black "Riazantsev, Alexander"]
[Result "0-1"]
[WhiteElo "2229"]
[BlackElo "2543"]
[EventDate "2002.10.11"]
[PlyCount "92"]

1.Nc3 d5 2.e4 c6 3.Nf3 Bg4 4.h3 Bxf3 5.Qxf3 e6 6.g3 Nf6 7.Bg2 Nbd7 8.Qe2 
dxe4 9.Nxe4 Nxe4 10.Bxe4 Be7 11.O-O O-O 12.Bg2 e5 13.a4 a5 14.Re1 Bc5 15.
Qc4 Qb6 16.Re2 Kh8 17.d3 f5 18.c3 Rae8 19.b4 axb4 20.a5 Qd8 21.cxb4 Bd4 
22.Raa2 Qf6 23.Be3 Bxe3 24.fxe3 Qg6 25.Kh2 Nf6 26.a6 bxa6 27.Bxc6 Rd8 28.
Rxa6 e4 29.d4 Qh5 30.Raa2 Qf3 31.Qc1 Rd6 32.Rg2 Qh5 33.Ra8 Rxa8 34.Bxa8 
Rd8 35.Ra2 h6 36.Qc7 Rf8 37.Qd6 Rc8 38.Bc6 Ng4+ 39.Kg1 Nxe3 40.b5 Qd1+ 41.
Kh2 Nf1+ 42.Kg2 Qf3+ 43.Kg1 Nxg3 44.Qd7 Qh1+ 45.Kf2 Qh2+ 46.Ke1 Qxa2 0-1

[Event "6th Essent op"]
[Site "Hoogeveen NED"]
[Date "2002.10.11"]
[Round "1.10"]
[White "Hulshof, Peter"]
[Black "Bezgodov, Alexei"]
[Result "0-1"]
[WhiteElo "2223"]
[BlackElo "2536"]
[EventDate "2002.10.11"]
[PlyCount "136"]

1.e4 e5 2.Nf3 Nf6 3.Nc3 Bb4 4.Bc4 Bxc3 5.dxc3 d6 6.O-O Be6 7.Bxe6 fxe6 8.
Qd3 Qd7 9.Be3 Nc6 10.b4 O-O 11.Rfd1 Qf7 12.Ng5 Qe7 13.Qc4 Rae8 14.a4 Ng4 
15.Qe2 Nxe3 16.Qxe3 a5 17.b5 Nb8 18.b6 cxb6 19.Nf3 Qc7 20.Rab1 Nd7 21.Qd3 
Nc5 22.Qxd6 Qxd6 23.Rxd6 Nxe4 24.Rdxb6 Nxc3 25.Re1 Nxa4 26.Rxb7 Rb8 27.Ra7
Ra8 28.Rc7 Rfc8 29.Rxc8+ Rxc8 30.Ra1 Rxc2 31.g3 e4 32.Ne5 Rc5 33.Nd7 Rd5 
34.Rxa4 Rxd7 35.Rxa5 Rd1+ 36.Kg2 Kf7 37.Ra4 Re1 38.h4 h5 39.Ra5 g6 40.Ra7+
Kf6 41.Ra8 e3 42.fxe3 Rxe3 43.Rf8+ Ke7 44.Rg8 Kf7 45.Ra8 Rd3 46.Kf2 Kf6 
47.Ra6 Kf5 48.Rb6 e5 49.Ra6 Rb3 50.Rc6 Rb2+ 51.Ke3 Ra2 52.Rb6 Ra4 53.Kf2 
Ke4 54.Rxg6 Ra2+ 55.Ke1 Ke3 56.Kd1 e4 57.Rg5 Rg2 58.Rxh5 Rxg3 59.Rh8 Rg1+ 
60.Kc2 Ke2 61.h5 e3 62.h6 Rg6 63.Kc3 Rf6 64.Kd4 Kf2 65.Ke5 Rf3 66.Ra8 e2 
67.Ra2 Kf1 68.Ke4 Rh3 0-1

[Event "6th Essent op"]
[Site "Hoogeveen NED"]
[Date "2002.10.11"]
[Round "1.11"]
[White "Goloshchapov, Alexander"]
[Black "Ahlers, Ben"]
[Result "1-0"]
[WhiteElo "2536"]
[BlackElo "2209"]
[EventDate "2002.10.11"]
[PlyCount "89"]

1.e4 e6 2.d4 d5 3.Nc3 Bb4 4.e5 c5 5.a3 Bxc3+ 6.bxc3 Ne7 7.Qg4 Qc7 8.Qxg7 
Rg8 9.Qxh7 cxd4 10.Ne2 Nbc6 11.f4 Bd7 12.Qd3 dxc3 13.Qxc3 Nf5 14.Rb1 O-O-O
15.Rg1 d4 16.Qd3 f6 17.g4 Nh4 18.exf6 e5 19.f5 e4 20.Qxe4 Rge8 21.Qf4 Ne5 
22.Rg3 Qxc2 23.Rb2 Nd3+ 24.Rxd3 Qxd3 25.f7 Rh8 26.Kf2 Bc6 27.Ng1 Qd1 28.
Re2 d3 29.Re7 Qc2+ 30.Bd2 Bd5 31.Bh3 Qc5+ 32.Qe3 Qd6 33.Qe5 Qc5+ 34.Be3 
Qc2+ 35.Kg3 d2 36.Bxd2 Qd3+ 37.Be3 Qc4 38.Bf4 Qd3+ 39.Be3 Qc4 40.g5 Ng2 
41.Bg4 Nxe3 42.Qxe3 Bxf7 43.Nf3 Rd3 44.f6+ Kb8 45.Qe5+ 1-0

[Event "6th Essent op"]
[Site "Hoogeveen NED"]
[Date "2002.10.11"]
[Round "1.12"]
[White "Spoelman, Wouter"]
[Black "Hort, Vlastimil"]
[Result "0-1"]
[WhiteElo "2206"]
[BlackElo "2531"]
[EventDate "2002.10.11"]
[PlyCount "80"]

1.e4 g6 2.d4 d6 3.Be3 Bg7 4.Nc3 a6 5.a4 b6 6.Qd2 Bb7 7.Bc4 Nd7 8.Nf3 e6 9.
O-O h6 10.Rfe1 Ne7 11.Rad1 Kf8 12.Bd3 Kg8 13.Ne2 Nf6 14.Ng3 Qe8 15.Qb4 a5 
16.Qa3 Rd8 17.c4 Nd7 18.h4 Nc6 19.Bb1 Nb4 20.b3 e5 21.dxe5 dxe5 22.Qc1 Qe7
23.Rd2 Kh7 24.Red1 Na6 25.Ne2 Ndc5 26.Nc3 Nxb3 27.Rxd8 Nxc1 28.R8d7 Qe6 
29.Bxc1 Bc6 30.R7d3 Nb4 31.R3d2 Qxc4 32.Bb2 Re8 33.Rc1 Qe6 34.Ba3 Re7 35.
Nd5 Bxd5 36.exd5 Qg4 37.d6 cxd6 38.Rxd6 e4 39.Nh2 Qxh4 40.Rxb6 Bd4 0-1

[Event "6th Essent op"]
[Site "Hoogeveen NED"]
[Date "2002.10.11"]
[Round "1.13"]
[White "De Vreugt, Dennis"]
[Black "Lahaye, Rick"]
[Result "1/2-1/2"]
[WhiteElo "2501"]
[BlackElo "2195"]
[EventDate "2002.10.11"]
[PlyCount "97"]

1.e4 c5 2.Nf3 d6 3.d4 cxd4 4.Nxd4 Nf6 5.Nc3 a6 6.Be3 e5 7.Nb3 Be6 8.f3 h5 
9.Be2 Be7 10.O-O Nbd7 11.Nd5 Bxd5 12.exd5 Qc7 13.c4 O-O 14.Qd2 b6 15.f4 
Ng4 16.f5 Nxe3 17.Qxe3 Bf6 18.Nd2 e4 19.Rab1 Be5 20.Nxe4 Nf6 21.Nxf6+ Bxf6
22.Qf2 Rfe8 23.Bd3 Re7 24.Rfe1 Rae8 25.Rxe7 Qxe7 26.Kf1 Qe5 27.g3 h4 28.b3
Qc3 29.Rd1 hxg3 30.hxg3 a5 31.Kg2 Bd4 32.Qd2 Qxd2+ 33.Rxd2 Re3 34.Be2 Bc5 
35.Bf3 Kf8 36.g4 Ke7 37.Kg3 Bb4 38.Rh2 Bc3 39.Rh7 Be5+ 40.Kf2 Rc3 41.g5 
Rc2+ 42.Be2 Kf8 43.Rh8+ Ke7 44.Rb8 Rxa2 45.Rb7+ Ke8 46.c5 bxc5 47.Kf3 Rc2 
48.Bb5+ Kd8 49.Rd7+ 1/2-1/2

[Event "6th Essent op"]
[Site "Hoogeveen NED"]
[Date "2002.10.11"]
[Round "1.14"]
[White "Hamelink, Desiree"]
[Black "Radulski, Yulian"]
[Result "0-1"]
[WhiteElo "2188"]
[BlackElo "2487"]
[EventDate "2002.10.11"]
[PlyCount "72"]

1.e4 e5 2.d4 exd4 3.Nf3 Nc6 4.Nxd4 Nf6 5.Nxc6 bxc6 6.e5 Qe7 7.Qe2 Nd5 8.c4
Nb6 9.g3 Qe6 10.Nd2 a5 11.Bg2 Bb4 12.b3 Bc3 13.Rb1 Qxe5 14.Qxe5+ Bxe5 15.
O-O O-O 16.Re1 Bc3 17.Re3 Bb4 18.a3 Bc5 19.Re2 d5 20.Bb2 dxc4 21.Bxc6 Rb8 
22.Re5 Bd6 23.Rxa5 cxb3 24.Rb5 Be6 25.a4 Nc4 26.Nxc4 Bxc4 27.Rxb8 Rxb8 28.
Rc1 Bd3 29.a5 Be7 30.Rd1 Bc4 31.Rc1 Ba6 32.Rd1 Bf6 33.Rd2 Bxb2 34.Rxb2 Bc4
35.Ba4 Rb4 36.Bc6 Kf8 0-1

[Event "6th Essent op"]
[Site "Hoogeveen NED"]
[Date "2002.10.11"]
[Round "1.15"]
[White "Cheparinov, Ivan"]
[Black "Timmermans, Ivo"]
[Result "1-0"]
[WhiteElo "2473"]
[BlackElo "2180"]
[EventDate "2002.10.11"]
[PlyCount "201"]

1.e4 c5 2.Nf3 d6 3.d4 cxd4 4.Nxd4 Nf6 5.Nc3 g6 6.Be3 Bg7 7.f3 Nc6 8.Qd2 
O-O 9.Bc4 Bd7 10.O-O-O Ne5 11.Bb3 Qa5 12.Kb1 Rfc8 13.Bg5 Rc5 14.Bxf6 Bxf6 
15.Nd5 Qxd2 16.Nxf6+ Kg7 17.Nh5+ Kh6 18.Rxd2 Kxh5 19.c3 Kh6 20.f4 Nc4 21.
Bxc4 Rxc4 22.Re1 Kg7 23.e5 dxe5 24.Rxe5 Kf6 25.Rde2 e6 26.R2e3 Rac8 27.Ne2
Ke7 28.b3 R4c5 29.Kc2 f6 30.Rxc5 Rxc5 31.Rh3 h5 32.Re3 Kd6 33.Nd4 e5 34.
fxe5+ Rxe5 35.Rf3 Ke7 36.Kd2 f5 37.Re3 Kf6 38.Rxe5 Kxe5 39.Nf3+ Kf4 40.Ke2
Bc6 41.g3+ Kg4 42.Ne5+ Kh3 43.Nxg6 Kxh2 44.Kf2 Kh3 45.c4 Be8 46.Ne5 h4 47.
gxh4 Kxh4 48.Ke3 Kg5 49.Nd3 Bc6 50.b4 b6 51.Nf4 Be4 52.a3 Bb7 53.Nd3 Be4 
54.Nf2 Bb7 55.Nh3+ Kg4 56.Nf4 Kg5 57.c5 bxc5 58.Ne6+ Kf6 59.Nxc5 Bc8 60.
Kf4 Ke7 61.Ke5 f4 62.Kxf4 Kd6 63.Nb3 Kd5 64.Na5 Bd7 65.Ke3 Bf5 66.Kd2 Bh3 
67.Kc3 Bg2 68.Nc4 Bh1 69.a4 Kc6 70.Kd4 Bg2 71.b5+ Kb7 72.Kc5 Bf3 73.a5 Bg2
74.Ne5 Kc7 75.Nf7 Bf3 76.Ng5 Bg2 77.Ne6+ Kb7 78.Kd6 Bf1 79.Kc5 Bg2 80.Nf4 
Bh1 81.Nd3 Bg2 82.Ne5 Bh1 83.Ng6 Kc7 84.Nf4 Bf3 85.Ne6+ Kb7 86.a6+ Kb8 87.
Kd6 Be2 88.Nd4 Bf1 89.Kd7 Bh3+ 90.Kd8 Bg2 91.Nc6+ Ka8 92.Ne7 Be4 93.Kc8 
Bf3 94.Kc7 Bg2 95.Nc8 Bf3 96.b6 axb6 97.Kxb6 Kb8 98.Nd6 Ka8 99.Nb5 Kb8 
100.a7+ Kc8 101.Nd6+ 1-0

[Event "6th Essent op"]
[Site "Hoogeveen NED"]
[Date "2002.10.11"]
[Round "1.16"]
[White "Rooda, Kai P"]
[Black "Solleveld, Maarten"]
[Result "1/2-1/2"]
[WhiteElo "2156"]
[BlackElo "2453"]
[EventDate "2002.10.11"]
[PlyCount "118"]

1.e4 e5 2.Nf3 Nc6 3.Bb5 a6 4.Ba4 Nf6 5.Qe2 b5 6.Bb3 Bc5 7.c3 O-O 8.O-O Re8
9.a4 Rb8 10.axb5 axb5 11.d3 h6 12.Be3 Bf8 13.Nbd2 d5 14.exd5 Nxd5 15.Rfe1 
Be6 16.Qf1 Bd6 17.Ra6 Qd7 18.Bc2 f5 19.Nb3 Rbd8 20.Bc5 Bf7 21.Nfd2 Nce7 
22.Raa1 Ng6 23.g3 Nf6 24.Bxd6 cxd6 25.Qe2 Bd5 26.Qe3 f4 27.Qe2 Kh8 28.Ne4 
Rf8 29.Nbd2 Qf7 30.f3 fxg3 31.hxg3 Nh7 32.Rf1 Be6 33.Qe3 d5 34.Nf2 Bf5 35.
Bb3 Ng5 36.Bd1 Qc7 37.Qa7 Qxa7 38.Rxa7 Ra8 39.Rxa8 Rxa8 40.Bb3 d4 41.cxd4 
exd4 42.Re1 Rd8 43.f4 Nh3+ 44.Nxh3 Bxh3 45.Nf3 Bf5 46.Nxd4 Bxd3 47.Nf3 Bf5
48.Rd1 Rc8 49.Kf2 Ne7 50.Ne5 Bc2 51.Bxc2 Rxc2+ 52.Kf3 Rxb2 53.Rd7 Nf5 54.
g4 Rb3+ 55.Kf2 Nh4 56.f5 Kg8 57.Rd8+ Kh7 58.Rd7 Kg8 59.Rd8+ Kh7 1/2-1/2

[Event "6th Essent op"]
[Site "Hoogeveen NED"]
[Date "2002.10.11"]
[Round "1.17"]
[White "Visser, Yge"]
[Black "Potze, Rudolf"]
[Result "1-0"]
[WhiteElo "2431"]
[BlackElo "2142"]
[EventDate "2002.10.11"]
[PlyCount "71"]

1.e4 c5 2.d3 Nc6 3.g3 g6 4.Bg2 Bg7 5.f4 d6 6.Nf3 e6 7.O-O Nge7 8.c3 b6 9.
Be3 Ba6 10.Bf2 O-O 11.Re1 Rc8 12.h4 h5 13.Bh3 Rc7 14.a4 d5 15.e5 d4 16.c4 
Nb4 17.Na3 Bb7 18.Ng5 a6 19.Nc2 Nxc2 20.Qxc2 Qd7 21.Kh2 a5 22.Qb3 Qc6 23.
Ne4 Rd7 24.Qd1 Nf5 25.g4 hxg4 26.Qxg4 Qc7 27.h5 Bxe4 28.dxe4 gxh5 29.Qxh5 
Ne7 30.Rg1 d3 31.Bxe6 fxe6 32.Rxg7+ Kxg7 33.Rg1+ Ng6 34.Rxg6+ Kf7 35.Rh6+ 
Ke7 36.Bh4+ 1-0

[Event "6th Essent op"]
[Site "Hoogeveen NED"]
[Date "2002.10.11"]
[Round "1.18"]
[White "Hendriks, Richard V"]
[Black "Quinn, Mark"]
[Result "0-1"]
[WhiteElo "2140"]
[BlackElo "2429"]
[EventDate "2002.10.11"]
[PlyCount "80"]

1.e4 c5 2.Nf3 Nc6 3.d4 cxd4 4.Nxd4 g6 5.c4 Bg7 6.Be3 Nf6 7.Nc3 O-O 8.Be2 
b6 9.O-O Bb7 10.Nxc6 Bxc6 11.Bd4 Rc8 12.f4 d6 13.Qd3 e6 14.Bf3 Qe7 15.a4 
Rfd8 16.a5 Nd7 17.axb6 axb6 18.Bxg7 Kxg7 19.b4 Nf6 20.Qe3 Be8 21.Be2 Qc7 
22.f5 Qe7 23.fxe6 Qxe6 24.Rf4 Qe5 25.Raf1 Nd7 26.Rh4 Kg8 27.Nd5 Ra8 28.Bg4
Ra1 29.Bxd7 Rxf1+ 30.Kxf1 Bxd7 31.h3 Ra8 32.Qc3 Ra1+ 33.Kf2 Ra2+ 34.Kg1 
Ra1+ 35.Kf2 Qxc3 36.Nxc3 Kg7 37.Rf4 Rc1 38.Nd5 Rxc4 39.Rf6 Be6 40.Rf3 Rxe4
0-1

[Event "6th Essent op"]
[Site "Hoogeveen NED"]
[Date "2002.10.11"]
[Round "1.19"]
[White "Prasad, Devaki V"]
[Black "Van der Veen, Jan"]
[Result "1-0"]
[WhiteElo "2421"]
[BlackElo "2135"]
[EventDate "2002.10.11"]
[PlyCount "107"]

1.e4 e5 2.Nf3 Nc6 3.Bb5 Nf6 4.O-O Nxe4 5.d4 a6 6.Bxc6 dxc6 7.Nxe5 Be7 8.
Qf3 Nf6 9.Be3 Qd5 10.Qe2 O-O 11.c4 Qe6 12.f4 Qf5 13.h3 h5 14.Nd2 Ne4 15.
Nxe4 Qxe4 16.Rac1 f6 17.Nf3 Re8 18.Qf2 Bb4 19.Bd2 Bxd2 20.Nxd2 Qf5 21.Qf3 
Bd7 22.Rfe1 Rxe1+ 23.Rxe1 Re8 24.Rxe8+ Bxe8 25.Qe3 Bf7 26.b3 Qc2 27.a4 
Qc1+ 28.Kh2 Bg6 29.Kg3 Kf8 30.d5 cxd5 31.Qc5+ Kg8 32.Qxd5+ Bf7 33.Qd8+ Kh7
34.Nf3 h4+ 35.Kg4 Be6+ 36.f5 Qe3 37.Qd4 Qxd4+ 38.Nxd4 Bc8 39.Kxh4 c5 40.
Ne6 b6 41.Kg4 Kg8 42.a5 bxa5 43.Nxc5 g6 44.Kf4 Bxf5 45.Nb7 Bc2 46.Nxa5 g5+
47.Ke3 Kg7 48.g3 f5 49.b4 Ba4 50.Nb7 Bd7 51.Nc5 f4+ 52.gxf4 gxf4+ 53.Kxf4 
Bxh3 54.Ke5 1-0

[Event "6th Essent op"]
[Site "Hoogeveen NED"]
[Date "2002.10.11"]
[Round "1.21"]
[White "Van der Stricht, Geert"]
[Black "Van Geffen, Ben"]
[Result "1/2-1/2"]
[WhiteElo "2403"]
[BlackElo "2129"]
[EventDate "2002.10.11"]
[PlyCount "87"]

1.d4 Nf6 2.c4 c5 3.d5 e6 4.Nc3 exd5 5.cxd5 d6 6.e4 g6 7.f4 Bg7 8.Bb5+ Nfd7
9.a4 O-O 10.Nf3 Na6 11.O-O Nb4 12.Re1 a6 13.Bf1 Re8 14.h3 f5 15.Ng5 Nf8 
16.e5 dxe5 17.d6 e4 18.Bc4+ Be6 19.Nxe6 Nxe6 20.Be3 Kh8 21.Ne2 Qd7 22.Rf1 
b6 23.a5 bxa5 24.Rxa5 Nc6 25.Qa4 Qxd6 26.Rxa6 Rxa6 27.Qxa6 Ned4 28.Nc3 Rd8
29.Kh1 h6 30.Na4 Bf8 31.Rd1 Qc7 32.Nc3 Bg7 33.Nd5 Qc8 34.Qb6 Qb8 35.Qxc5 
Qxb2 36.Bxd4 Nxd4 37.Ne7 Kh7 38.Bf7 e3 39.Bxg6+ Kh8 40.Bxf5 e2 41.Ng6+ Kh7
42.Nh4+ Kh8 43.Ng6+ Kh7 44.Nh4+ 1/2-1/2

[Event "6th Essent op"]
[Site "Hoogeveen NED"]
[Date "2002.10.11"]
[Round "1.22"]
[White "Galje, Hans"]
[Black "Grooten, Herman"]
[Result "0-1"]
[WhiteElo "2125"]
[BlackElo "2379"]
[EventDate "2002.10.11"]
[PlyCount "58"]

1.d4 Nf6 2.c4 e6 3.Nc3 Bb4 4.Qb3 c5 5.e3 Nc6 6.Nf3 b6 7.Bd3 Ba6 8.a3 Na5 
9.Qc2 Bxc3+ 10.Qxc3 cxd4 11.exd4 Rc8 12.b3 d5 13.c5 Ne4 14.Qc2 Bxd3 15.
Qxd3 bxc5 16.Qb5+ Kf8 17.Bf4 Qb6 18.Qd7 Rd8 19.Qc7 Nxb3 20.dxc5 Nexc5 21.
Rb1 Qxc7 22.Bxc7 Rd7 23.Ba5 Rb7 24.Bb4 a5 25.Bxc5+ Nxc5 26.O-O Rxb1 27.
Rxb1 Ke7 28.Rb5 Rc8 29.Rxa5 Nb7 0-1

[Event "6th Essent op"]
[Site "Hoogeveen NED"]
[Date "2002.10.11"]
[Round "1.23"]
[White "Filipek, Jakub"]
[Black "Dogge, Marc"]
[Result "1-0"]
[WhiteElo "2374"]
[BlackElo "2124"]
[EventDate "2002.10.11"]
[PlyCount "80"]

1.e4 c5 2.Nf3 e6 3.d4 cxd4 4.Nxd4 Nf6 5.Nc3 d6 6.g4 h6 7.h4 Nc6 8.Rg1 h5 
9.gxh5 Nxh5 10.Bg5 Nf6 11.Qd2 a6 12.Nxc6 bxc6 13.O-O-O Qa5 14.Bc4 d5 15.
exd5 cxd5 16.Bb3 Bb4 17.Qd4 Be7 18.Qe5 Bb7 19.f4 Rd8 20.f5 Qb6 21.fxe6 
fxe6 22.Be3 Qd6 23.Qg5 Nh5 24.Qg6+ Kd7 25.Bg5 Bxg5+ 26.Rxg5 Qf4+ 27.Kb1 
Qf6 28.Qe4 Kc8 29.Qg4 Qf4 30.Qxe6+ Kb8 31.Bxd5 Qf6 32.Qg4 Qf4 33.Qg1 Qc7 
34.Bxb7 Kxb7 35.Rxd8 Qxd8 36.Nd5 Qd6 37.c4 Rh6 38.Rf5 Qe6 39.Rxh5 Qe4+ 40.
Ka1 Rg6 1-0

[Event "6th Essent op"]
[Site "Hoogeveen NED"]
[Date "2002.10.11"]
[Round "1.24"]
[White "Cako, Laszlo"]
[Black "Archangelsky, Mikhail"]
[Result "0-1"]
[WhiteElo "2115"]
[BlackElo "2370"]
[EventDate "2002.10.11"]
[PlyCount "106"]

1.e4 e6 2.d4 d5 3.Nc3 Nc6 4.Nf3 Nf6 5.e5 Ne4 6.Bb5 Bd7 7.O-O Nxc3 8.bxc3 
Nxe5 9.Nxe5 Bxb5 10.c4 Bxc4 11.Qh5 g6 12.Qf3 f6 13.Nxc4 dxc4 14.Qxb7 Bd6 
15.Qc6+ Kf7 16.Qxc4 Qd7 17.Rb1 Rab8 18.Rb3 Rxb3 19.axb3 Rb8 20.Be3 Qb5 21.
Qxb5 Rxb5 22.Ra1 a5 23.Kf1 Ke8 24.Ke2 Kd7 25.h3 c6 26.Kd3 Bc7 27.Ra3 Bd6 
28.Ra4 Bc7 29.Kc3 e5 30.Kd3 Bb6 31.dxe5 Bxe3 32.Kxe3 Rxe5+ 33.Re4 Rb5 34.
Kd3 Rf5 35.Ke3 Rb5 36.Rf4 Ke6 37.Rc4 Kd6 38.Rd4+ Ke7 39.Rh4 h5 40.Rc4 Kd6 
41.Rd4+ Ke7 42.Kd3 f5 43.Kc4 Re5 44.Rd2 h4 45.Kd4 Rd5+ 46.Ke3 Rxd2 47.Kxd2
Kd6 48.Kd3 Kd5 49.Ke3 g5 50.g3 g4 51.gxh4 gxh3 52.Kf3 f4 53.h5 Ke5 0-1

[Event "6th Essent op"]
[Site "Hoogeveen NED"]
[Date "2002.10.11"]
[Round "1.25"]
[White "Hanley, Craig"]
[Black "Meis, Eric"]
[Result "1-0"]
[WhiteElo "2345"]
[BlackElo "2113"]
[EventDate "2002.10.11"]
[PlyCount "79"]

1.e4 d6 2.c4 e5 3.Nc3 g6 4.g3 Bg7 5.Bg2 Nc6 6.Nge2 f5 7.d3 Nf6 8.O-O O-O 
9.Nd5 Ne7 10.Nxf6+ Bxf6 11.Bh6 Bg7 12.Bxg7 Kxg7 13.d4 Nc6 14.d5 Ne7 15.f4 
fxe4 16.fxe5 dxe5 17.Qb3 Bg4 18.Nc3 e3 19.h3 Rxf1+ 20.Rxf1 Bc8 21.g4 h5 
22.gxh5 gxh5 23.Qd1 Qe8 24.Qd3 Nf5 25.Kh2 Qg6 26.Ne2 Bd7 27.Be4 Kf6 28.
Bxf5 Bxf5 29.Ng3 e4 30.Qd4+ Ke7 31.Nxf5+ Kd7 32.Qxe3 Re8 33.Nd4 h4 34.Qf4 
e3 35.Qf7+ Qxf7 36.Rxf7+ Kd6 37.Ne2 Ke5 38.Rf4 b5 39.cxb5 Kxd5 40.Kg2 1-0

[Event "6th Essent op"]
[Site "Hoogeveen NED"]
[Date "2002.10.11"]
[Round "1.26"]
[White "Balzer, Lars"]
[Black "Van Beers, Eddy"]
[Result "0-1"]
[WhiteElo "2110"]
[BlackElo "2331"]
[EventDate "2002.10.11"]
[PlyCount "54"]

1.e4 c5 2.Nc3 Nc6 3.g3 g6 4.Bg2 Bg7 5.d3 d6 6.Be3 Rb8 7.Qd2 b5 8.f4 b4 9.
Nd1 Qb6 10.Nf3 f5 11.h3 Nf6 12.Nh4 O-O 13.O-O e6 14.Kh2 Kh8 15.Qf2 fxe4 
16.dxe4 g5 17.e5 Nxe5 18.Qg1 Neg4+ 19.hxg4 Nxg4+ 20.Kh1 gxh4 21.Bf3 Bb7 
22.gxh4 Nxe3 23.Qxe3 Qd8 24.Bxb7 Qxh4+ 25.Kg2 Bd4 26.Qe4 Rg8+ 27.Kf3 Qg4# 
0-1

[Event "6th Essent op"]
[Site "Hoogeveen NED"]
[Date "2002.10.11"]
[Round "1.27"]
[White "De Jong, Migchiel"]
[Black "Naalden, Marc"]
[Result "1/2-1/2"]
[WhiteElo "2298"]
[BlackElo "2108"]
[EventDate "2002.10.11"]
[PlyCount "84"]

1.e4 c6 2.d3 d5 3.Nd2 e5 4.Ngf3 Bd6 5.d4 exd4 6.exd5 cxd5 7.Bb5+ Nc6 8.
Nxd4 Ne7 9.O-O O-O 10.N2f3 Bg4 11.Be2 Nf5 12.Nxc6 bxc6 13.h3 Bxf3 14.Bxf3 
Qf6 15.g3 Be5 16.c3 Rab8 17.Bg4 g6 18.Qd3 h5 19.Bxf5 Qxf5 20.Qxf5 gxf5 21.
Re1 Bf6 22.Re2 Rfe8 23.Rxe8+ Rxe8 24.Be3 Rb8 25.Bxa7 Rxb2 26.Bd4 Bxd4 27.
cxd4 Rd2 28.Rc1 Rxd4 29.Rxc6 Kg7 30.Kg2 Ra4 31.Rc2 Ra3 32.Rd2 Kg6 33.h4 
Kf6 34.Rxd5 Rxa2 35.Rd6+ Kg7 36.Kf3 Ra4 37.Ke3 Re4+ 38.Kd3 Re1 39.Kd2 Re5 
40.f3 Re7 41.Rb6 Re5 42.Rd6 f6 1/2-1/2

[Event "6th Essent op"]
[Site "Hoogeveen NED"]
[Date "2002.10.11"]
[Round "1.28"]
[White "Van Weersel, Arlette"]
[Black "Span, Paul"]
[Result "0-1"]
[WhiteElo "2093"]
[BlackElo "2295"]
[EventDate "2002.10.11"]
[PlyCount "95"]

1.e4 e6 2.d3 d5 3.Nd2 Nf6 4.Ngf3 c5 5.g3 Nc6 6.Bg2 Be7 7.O-O O-O 8.e5 Nd7 
9.Re1 b5 10.Nf1 a5 11.a4 Ba6 12.h4 bxa4 13.Rxa4 c4 14.d4 c3 15.b3 Bb5 16.
Ra1 a4 17.bxa4 Bxa4 18.Bf4 Nb6 19.Ne3 Nb4 20.Bf1 Qd7 21.Bd3 Nxd3 22.Qxd3 
Rfc8 23.Ng5 Bxg5 24.hxg5 Bb5 25.Qd1 Rxa1 26.Qxa1 Ba4 27.Kg2 Nc4 28.Qd1 
Nxe3+ 29.Bxe3 Qb5 30.Rh1 Qb2 31.Bc1 Qxc2 32.Qxc2 Bxc2 33.Be3 Kf8 34.Rc1 
Bd3 35.Kf3 Ke7 36.Bf4 c2 37.Ke3 Be4 38.Kd2 Ra8 39.Be3 Ra3 40.Ke2 Kd7 41.
Kd2 Kc6 42.f3 Bg6 43.g4 Kb5 44.f4 Be4 45.Rf1 Rd3+ 46.Ke2 Rd1 47.Re1 Bf3+ 
48.Kf2 0-1

[Event "6th Essent op"]
[Site "Hoogeveen NED"]
[Date "2002.10.12"]
[Round "2.2"]
[White "Dvoirys, Semen I"]
[Black "Cheparinov, Ivan"]
[Result "1/2-1/2"]
[WhiteElo "2567"]
[BlackElo "2473"]
[EventDate "2002.10.11"]
[PlyCount "55"]

1.e4 c5 2.Nf3 d6 3.d4 cxd4 4.Nxd4 Nf6 5.Nc3 a6 6.Be2 e6 7.O-O Be7 8.f4 Qc7
9.Qe1 O-O 10.Qg3 Nc6 11.Be3 Nxd4 12.Bxd4 b5 13.e5 dxe5 14.Bxe5 Qb6+ 15.Kh1
Bb7 16.Bf3 Rac8 17.Rae1 Rfd8 18.Bxb7 Qxb7 19.f5 exf5 20.Rxf5 Ne8 21.Ne4 
Qd7 22.Qf3 f6 23.Bc3 Qc6 24.a3 g6 25.Qg3 Qc7 26.Rf3 Qxg3 27.Nxg3 Bf8 28.
Ne4 1/2-1/2

[Event "6th Essent op"]
[Site "Hoogeveen NED"]
[Date "2002.10.12"]
[Round "2.3"]
[White "Grooten, Herman"]
[Black "Rogers, Ian"]
[Result "1-0"]
[WhiteElo "2379"]
[BlackElo "2557"]
[EventDate "2002.10.11"]
[PlyCount "121"]

1.d4 d6 2.Nf3 Bg4 3.c4 Nd7 4.g3 c6 5.Bg2 e5 6.Nc3 Ngf6 7.O-O Be7 8.d5 c5 
9.h3 Bh5 10.Nh4 O-O 11.Nf5 Bg6 12.Nxe7+ Qxe7 13.e4 h6 14.h4 Kh8 15.Bd2 Ng8
16.h5 Bh7 17.g4 Ngf6 18.f3 Ne8 19.a3 Nc7 20.Rf2 a6 21.Bf1 Rfb8 22.b4 b6 
23.Be3 Ne8 24.Rb2 a5 25.Na4 axb4 26.axb4 Ra6 27.Nc3 Rba8 28.Rxa6 Rxa6 29.
Ra2 Rxa2 30.Nxa2 Ndf6 31.Bd3 Qa7 32.Qb3 Nxg4 33.fxg4 Nf6 34.bxc5 bxc5 35.
Nc3 Nxg4 36.Bc1 Qe7 37.Qb8+ Bg8 38.Be2 Qh4 39.Bxg4 Qg3+ 40.Kh1 Qxc3 41.Qb1
Qg3 42.Bf5 Qe1+ 43.Kg2 Qe2+ 44.Kg3 Qe1+ 45.Kf3 Qh1+ 46.Ke3 Qxh5 47.Bd2 g6 
48.Bc8 f5 49.Qf1 Qg4 50.exf5 Qd4+ 51.Ke2 Qxc4+ 52.Ke1 Qe4+ 53.Qe2 Qxd5 54.
Qh2 Qe4+ 55.Kf2 h5 56.Qg3 Bd5 57.Qg5 Qf3+ 58.Ke1 Qh1+ 59.Kf2 Qh2+ 60.Ke1 
Qh1+ 61.Kf2 1-0

[Event "6th Essent op"]
[Site "Hoogeveen NED"]
[Date "2002.10.12"]
[Round "2.4"]
[White "Nijboer, Friso"]
[Black "Visser, Yge"]
[Result "1/2-1/2"]
[WhiteElo "2556"]
[BlackElo "2431"]
[EventDate "2002.10.11"]
[PlyCount "89"]

1.e4 e6 2.d4 d5 3.Nc3 Nf6 4.e5 Nfd7 5.f4 c5 6.Nf3 Nc6 7.Be3 Qb6 8.Na4 Qa5+
9.c3 b6 10.Bd2 c4 11.b4 Nxb4 12.cxb4 Bxb4 13.Rc1 Bxd2+ 14.Nxd2 b5 15.Nc3 
b4 16.Nxd5 Qxd5 17.Nxc4 O-O 18.Be2 Qxg2 19.Bf3 Qh3 20.Bxa8 Qh4+ 21.Kd2 
Qxf4+ 22.Kc2 Ba6 23.Qd2 Qf5+ 24.Kb2 Bxc4 25.Rxc4 Rxa8 26.Rhc1 Nb6 27.Rxb4 
Rd8 28.a4 h6 29.a5 Nd5 30.Rb3 Qe4 31.Re1 Qh4 32.Rf1 Qe4 33.Qf2 Rd7 34.Re1 
Qg6 35.Rb8+ Kh7 36.Qc2 Qxc2+ 37.Kxc2 g5 38.Reb1 Rc7+ 39.Kd2 Rc4 40.R1b7 
Rxd4+ 41.Kc2 a6 42.Rxf7+ Kg6 43.Ra7 Kf5 44.Kb3 Rd3+ 45.Kc4 1/2-1/2